La matemática y su didáctica en el primero y el segundo ciclo de la egb lucía dallara

Guardado en:
Autor Principal: Dallara, Lucía
Formato: Libro
Publicado: Buenos Aires : Aique, 1999
Materias:
Etiquetas: Agregar Etiqueta
Sin Etiquetas, Sea el primero en etiquetar este registro!
LEADER 00660nam a22001935a 4500
001 CEM.cems010832
005 20070305163612.0
008 130507s1999##################000#0#####d
003 CEMS
082 0 4 |a 372.7 
100 1 |a Dallara, Lucía 
245 1 0 |a La matemática y su didáctica en el primero y el segundo ciclo de la egb lucía dallara 
260 |a Buenos Aires :  |b Aique,  |c 1999 
300 |a 199 p. 
653 |a Matemática 
653 |a Didáctica de la matemática 
653 |a Biblioteca maría de los angeles saggio 
859 |a CEMS  |b BIB. CEMS - 11 de abril  |h 372.7  |i D159  |p 21543.01  |t Ej.1 
859 |a CEMS  |b BIB. CEMS - 11 de abril  |h 372.7  |i D159  |p 21544.01  |t Ej.2